[Event "Alicante Easter op 7th"]
[Site "La Nucia"]
[Date "2023.04.05"]
[Round "1"]
[White "Alonso Perez, Alfredo"]
[Black "Chen, Qi B"]
[Result "0-1"]
[WhiteElo "1891"]
[BlackElo "2493"]
[PlyCount "54"]
[EventDate "2023.04.05"]
[EventType "swiss"]
[EventRounds "9"]
[EventCountry "ESP"]
[SourceTitle "CBM 213 Extra"]
[Source "ChessBase"]
[SourceDate "2023.05.31"]
[SourceVersion "1"]
[SourceVersionDate "2023.05.31"]
[SourceQuality "1"]

1. d4 Nf6 2. Bf4 g6 3. Nc3 d5 4. e3 Bg7 5. Nf3 0-0 6. h4 c5 7. Qd2 Nc6 8. 0-0-0 Qa5 9. Kb1 Bf5 10. a3 Rac8 11. Ne5 Rfd8 12. Nxc6 Rxc6 13. Nxd5 Qxd2 14. Nxf6+ Bxf6 15. Rxd2 cxd4 16. Bb5 Rb6 17. a4 e5 18. Bg5 Bxg5 19. hxg5 d3 20. cxd3 a6 21. Bc4 Rb4 22. g4 Bxg4 23. Rc1 Bf5 24. a5 Ra4 25. b3 Rxa5 26. Ra2 Rxa2 27. Kxa2 b5 0-1

[Event "Isla de la Palma Semana Santa op 3rd"]
[Site "Isla de la Palma"]
[Date "2018.03.24"]
[Round "1"]
[White "Rodriguez Santaella, Valeria"]
[Black "Alonso Perez, Alfredo"]
[Result "0-1"]
[WhiteElo "1106"]
[BlackElo "1764"]
[PlyCount "114"]
[EventDate "2018.03.24"]
[EventType "swiss"]
[EventRounds "7"]
[EventCountry "ESP"]
[SourceTitle "CBM 183 Extra"]
[Source "ChessBase"]
[SourceDate "2018.04.19"]
[SourceVersion "1"]
[SourceVersionDate "2018.04.19"]
[SourceQuality "1"]

1. e4 e5 2. Bc4 Nf6 3. Nc3 Bc5 4. Nf3 0-0 5. 0-0 Nc6 6. d3 h6 7. h3 d6 8. Re1 a6 9. Be3 Bxe3 10. Rxe3 Nd4 11. Re1 Ne6 12. Nd5 c6 13. Nxf6+ Qxf6 14. Bxe6 Bxe6 15. d4 Rad8 16. Rc1 Rfe8 17. c4 exd4 18. Qxd4 Qe7 19. e5 c5 20. exd6 Qxd6 21. Qxd6 Rxd6 22. Rcd1 Rxd1 23. Rxd1 Bxc4 24. b3 Be2 25. Rd5 Bxf3 26. gxf3 Rc8 27. Kf1 Rc7 28. Ke2 Kf8 29. Kd3 Ke7 30. Kc4 b6 31. Re5+ Kd6 32. Rh5 Re7 33. a4 Kc6 34. a5 b5+ 35. Kc3 Re2 36. Rf5 f6 37. b4 cxb4+ 38. Kxb4 Rb2+ 39. Kc3 Ra2 40. Kd4 Ra4+ 41. Ke3 Rxa5 42. Kf4 Ra4+ 43. Kg3 Rc4 44. Rf4 Rxf4 45. Kxf4 a5 46. Ke3 b4 47. Kd2 a4 48. Kc1 Kc5 49. Kb1 Kc4 50. f4 Kc3 51. f5 b3 52. f3 a3 53. f4 a2+ 54. Ka1 Kc2 55. h4 b2+ 56. Kxa2 b1Q+ 57. Ka3 Qb3# 0-1

[Event "Santa Cruz La Palma Christmas op"]
[Site "Santa Cruz de La Palma"]
[Date "2017.12.18"]
[Round "3.4"]
[White "Hernandez Capote, Carmen"]
[Black "Alonso Perez, Alfredo"]
[Result "0-1"]
[WhiteElo "1512"]
[BlackElo "1744"]
[PlyCount "114"]
[EventDate "2017.12.16"]
[EventType "swiss"]
[EventRounds "7"]
[EventCountry "ESP"]
[SourceTitle "EXT 2024"]
[Source "ChessBase"]
[SourceDate "2023.10.10"]
[SourceVersion "1"]
[SourceVersionDate "2023.10.10"]
[SourceQuality "1"]

1. Nf3 Nf6 2. c4 c6 3. g3 e6 4. Bg2 Be7 5. 0-0 0-0 6. b3 b6 7. Bb2 Bb7 8. d3 d6 9. Nbd2 Nbd7 10. Re1 Qc7 11. Qc2 Rad8 12. Rad1 Qc8 13. e4 c5 14. d4 cxd4 15. Nxd4 Qa8 16. f3 Rc8 17. Nf1 Rfd8 18. Ne3 d5 19. exd5 Nxd5 20. Nxd5 Bxd5 21. Qe2 Bb7 22. Nxe6 Re8 23. Rxd7 Bc5+ 24. Kh1 Rxe6 25. Qd2 Rxe1+ 26. Qxe1 Re8 27. Qc3 Bf8 28. Rd3 Re6 29. Qd2 Qe8 30. Bc3 Re2 31. Rd8 Rxd2 32. Rxe8 Rd1+ 33. Re1 Rd3 34. Be5 f6 35. Bb8 Bb4 36. Rb1 a5 37. Bc7 Bc5 38. Bf4 g5 39. Bc7 Rd7 40. Bb8 Rd8 41. b4 axb4 42. Bc7 Rd7 43. Bb8 Rd8 44. Bc7 Rd7 45. Bb8 Rd2 46. h4 h6 47. Bc7 Bc6 48. g4 Rd7 49. Bh2 Rd2 50. Bg3 Rxa2 51. Be1 b3 52. Bc3 Kf7 53. h5 Rf2 54. Be1 Rc2 55. Kh2 Bxf3 56. Rxb3 Rxg2+ 57. Kh3 Bd6 0-1